Statistiken für KFZ-Kennzeichen Thüringen ALLE

Klicken Sie hier um das Quiz zu spielen!

Allgemein

  • Dieses Quiz wurde 136 mal gespielt
  • Das Durchschnittsergebnis liegt bei 29 aus 43

Antwortstatistiken

AbkürzungStadt oder Landkreis% Korrekt
EFErfurt
90%
JJena
90%
GTHGotha
88%
EAEisenach
86%
GGera
86%
APDApolda
82%
APWeimarer Land (Apolda)
82%
MGNMeiningen
80%
ILIlmenau
78%
NDHNordhausen
78%
SÖMSömmerda
78%
WEWeimar
76%
ARNArnstadt
75%
KYFKyffhäuserkreis
75%
SHLSuhl
75%
SONSonneberg
72%
ABGAltenburg
70%
IKIlm-Kreis
70%
MHLMühlhausen/Thüringen
70%
GRZGreiz
69%
SLFSaalfeld (Saale)
69%
WAKWartburgkreis
69%
HBNHildburghausen
68%
RURudolstadt
67%
ARTArtern/Unstrut
66%
SMSchmalkalden
66%
EICLandkreis Eichsfeld
65%
SHKSaale-Holzland-Kreis
58%
SOKSaale-Orla-Kreis
58%
SCZSchleiz
58%
LSZBad Langensalza
57%
UHUnstrut-Hainich-Kreis
57%
EISEisenberg
56%
SDHSondershausen
56%
SLZBad Salzungen
53%
PNPößneck
48%
ZRZeulenroda-Triebes
48%
WBSWorbis
47%
HIGHeilbad Heiligenstadt
46%
NHNeuhaus am Rennweg
46%
LBSBad Lobenstein
45%
SLNSchmölln
43%
SROStadtroda
42%

Verteilung der Resultate

Perzentil nach korrekt beantworteten Fragen

Anzahl Personen mit jedem Resultat

Ihre Resultats-Entwicklung

Sie haben dieses Quiz noch nicht gespielt